The classical theory of fields /

Guardado en:
Autor Principal: Landau, L. D. 1908-1968.
Otros Autores: Lifshits, E. M.
Formato: Libro
Idioma:English
Russian
Publicado: Oxford : Pergamon Press, 1975.
Edición:4th rev. English ed.
Series:Landau, L. D. (Lev Davidovich), 1908-1968. Teoreticheskaia fizika (Izd. 4-e). v. 2.
Materias:
Etiquetas: Agregar Etiqueta
Sin Etiquetas, Sea el primero en etiquetar este registro!
LEADER 01779cam a2200337 a 4500
001 MAT.inmabb002776
008 750210s1975####enka#####b####001#0#eng##
005 20180611162546.0
245 1 4 |a The classical theory of fields /  |c L. D. Landau and E. M. Lifshitz ; translated from the Russian by Morton Hamermesh. 
250 |a 4th rev. English ed. 
260 |a Oxford :  |b Pergamon Press,  |c 1975. 
300 |a xi, 402 p. :  |b il. ;  |c 25 cm. 
490 1 |a Course of theoretical physics ;  |v v. 2 
500 |a Traducción de la 6ª ed. rev. de: Teoriia polia (1973). 
500 |a "Reprinted (with corrections) 1979". 
504 |a Incluye referencias bibliográficas. 
505 8 |a Capítulos: 1. The principle of relativity -- 2. Relativistic mechanics -- 3. Charges in electromagnetic fields -- 4. The electromagnetic field equations -- 5. Constant electromagnetic fields -- 6. Electromagnetic waves -- 7. The propagation of light -- 8. The field of moving charges -- 9. Radiation of electromagnetic waves -- 10. Particle in a gravitational field -- 11. The gravitational field equations -- 12. The field of gravitating bodies -- 13. Gravitational waves -- 14. Relativistic cosmology. 
510 4 |a MR  |3 2da edición,  |c 26 #1007 
020 |a 0080250726 (pbk.) 
020 |a 0080181767 
100 1 |a Landau, L. D.  |q (Lev Davidovich),  |d 1908-1968. 
240 1 0 |a Teoriia polia.  |l Inglés 
700 1 |a Lifshits, E. M.  |q (Evgenii Mikhailovich) 
800 1 |a Landau, L. D.  |q (Lev Davidovich),  |d 1908-1968.  |t Teoreticheskaia fizika (Izd. 4-e).  |l Inglés ;  |v v. 2. 
650 0 |a Electromagnetic fields. 
650 0 |a Field theory (Physics) 
084 |a 78-01, 83-01  |2 MR 
010 |a  75004737  
040 |a DLC  |c DLC  |d DLC 
041 1 |a eng  |h rus 
859 |h 78  |i L253-4  |p A-5227  |b BIB. MATEMATICA